Několik poznámek k pojetí vztahu monetární a fiskální politiky v ekonomické teorii

Charakteristika chápania vzťahu fiškálnej a monetárnej politiky v najvýznamnejších alternatívnych prúdoch ekonomickej teórie. Merkantilistická teória hospodárskej politiky. Hospodársky liberalizmus. Využívanie nástrojov fiškálnej politiky. Nové poňatie fiškálnej a monetárnej politiky podľa J. M. Key...

Ausführliche Beschreibung

Gespeichert in:
Bibliographische Detailangaben
1. Verfasser: Koderová, Jitka
Format: Buchkapitel
Sprache:Tschechisch
Schlagworte:
Tags: Tag hinzufügen
Keine Tags, Fügen Sie das erste Tag hinzu!

MARC

LEADER 00000naa a2200000 4500
001 r025535
005 20230922102453.9
041 0 |a cze 
044 |a CZ 
245 1 0 |a Několik poznámek k pojetí vztahu monetární a fiskální politiky v ekonomické teorii  |c Jitka Koderová 
520 |a Charakteristika chápania vzťahu fiškálnej a monetárnej politiky v najvýznamnejších alternatívnych prúdoch ekonomickej teórie. Merkantilistická teória hospodárskej politiky. Hospodársky liberalizmus. Využívanie nástrojov fiškálnej politiky. Nové poňatie fiškálnej a monetárnej politiky podľa J. M. Keynesa. Kritika keynesisticky orientovanej hospodárskej politiky. Ekonómia strany ponuky, monetarizmus, nová klasická ekonómia a teória reálneho hospodárskeho cyklu. 
610 2 0 |a teórie ekonomické 
610 2 0 |a politika fiškálna 
610 2 0 |a politika peňažná 
610 2 0 |a merkantilizmus 
610 2 0 |a keynesizmus 
610 2 0 |a politika hospodárska 
610 2 0 |a nástroje ekonomické 
610 2 0 |a politika menová 
610 2 0 |a monetarizmus 
610 2 0 |a ekonómia strany ponuky 
610 2 0 |a neoklasicizmus 
100 1 |a Koderová, Jitka